000 01046nam0a22002531 4500
001 rc\678204
005 20260406184833.0
035 _a(NLR Aleph) 005915725
090 _a6423630
_c6423630
100 _a20031121d1986 |||y0rusy50 ca
101 0 _arus
102 _aRU
105 _aa |||||||||
200 1 _aФизиологические и биохимические факторы, лимитирующие спортивную работоспособность
_eУчеб. пособие
_fВолгогр. гос. ин-т физ. культуры
_g[С.Н. Кучкин и др.]
210 _aВолгоград
_cВГИФК
_d1986 (1987)
215 _a96, [1] с.
_cил.
_d20
320 _aБиблиогр.: с. 96
702 1 _aКучкин
_bС.Н.
_gСергей Николаевич
_4220
712 0 2 _aВолгоградский институт физической культуры
_3RU\NLR\AUTH\889950286
_9396363
801 0 _aRU
_bNLR
_gpsbo
801 1 _aRU
_bELAR
_2rusmarc
852 _aNLR
_j87-4/13178
942 _cBOOK
980 _aNB